Hodnotové dilemy bezpečnostnej orientácie občanov SR

NATO a politická zodpovednosť za bezpečnostnú orientáciu a správanie občanov. Bezpečnostná orientácia, dezorientácia a chaos v "rizikovej spoločnosti". Podstata hodnotovej dilemy: hodnotové zisky a hodnotové obete vstupu do NATO. Vstup do NATO ako hodnotovo racionálne bezpečnostné správanie občanov...

Descrizione completa

Salvato in:
Dettagli Bibliografici
Autore principale: Murdza, Karol
Natura: Capitolo di libro
Lingua:slovacco
Soggetti:
Tags: Aggiungi Tag
Nessun Tag, puoi essere il primo ad aggiungerne!!

MARC

LEADER 00000naa$a2200000$$$4500
001 0034667
005 20221207105447.1
041 0 |a slo 
044 |a SK 
245 1 0 |a Hodnotové dilemy bezpečnostnej orientácie občanov SR  |c Karol Murdza 
520 |a NATO a politická zodpovednosť za bezpečnostnú orientáciu a správanie občanov. Bezpečnostná orientácia, dezorientácia a chaos v "rizikovej spoločnosti". Podstata hodnotovej dilemy: hodnotové zisky a hodnotové obete vstupu do NATO. Vstup do NATO ako hodnotovo racionálne bezpečnostné správanie občanov SR. 
610 2 0 |a bezpečnosť 
610 2 0 |a občania 
610 2 0 |a správanie 
610 2 0 |a zodpovednosť politická 
610 2 0 |a spoločnosť 
610 2 0 |a riziko 
610 2 0 |a zisk 
610 2 0 |a Slovensko 
610 2 0 |a NATO 
100 1 |a Murdza, Karol